• 首页
  • 本馆介绍
  • 公告通知
  • 最新文献
  • 馆藏检索
  • 电子资源
  • 读者导购
  • 参考咨询
  • 我的图书馆
  • 登录
  • 详细信息显示
  • 放入我的书架
  • 预约/预借图书
  • 作者相关作品
  • 分类相关作品
  • 丛书相关作品
  • 出版社相关作品

书目信息

  • 表格格式
  • 工作单格式
  • 卡片格式
题名:
盒式录音磁带
    
 
作者: 张强 , 徐轲 编著
分册:  
出版信息: 北京   化学工业出版社  1984
页数: 192页
开本: 19cm
丛书名:
单 册:
中图分类: TN912.22 , TN646
科图分类:
主题词: 盒式磁带录音机 , 电声器件
电子资源:
ISBN:
000 00845nam0 2200289 45
001 0184016240
005 20040518090622.3
010    @dCNY0.67
091    @a15063.3576
100    @a19950629d1984 em y0chiy0121 ea
101 0  @achi
102    @aCN@b110000
105    @ay z 000yy
106    @ar
200 10 @a盒式录音磁带@Ahe shi lu yin ci dai@e性能·使用·保养@Ahe shi lu yin ci dai xing neng· shi yong· bao yang@f张强,徐轲编著
210    @a北京@c化学工业出版社@d1984
215    @a192页@d19cm
517 1  @a性能 使用 保养@Axing neng shi yong bao yang
606    @a盒式磁带录音机
606 0  @a电声器件
690    @aTN912.22@v3 
690    @aTN646
701  0 @a张强@Azhang qiang@4编著
701  0 @a徐轲@Axu ke@4编著
801  0 @aCN@b上海图书馆@c20040518
801  2 @aCN@bNLC@c20040518
905    @f1@b126384@dTN646@e30
    
    盒式录音磁带:性能·使用·保养/张强,徐轲编著.-北京:化学工业出版社,1984
    192页;19cm
    
    
    ISBN :CNY0.67
    
●
相关链接 在E读中查询图书 在五车中查询图书 在当当中查询图书 在豆瓣中查询图书


正题名:盒式录音磁带     索取号:TN646/30         预约/预借

序号 登录号 条形码 馆藏地/架位号 状态 备注
1 0126384   001354126   第三借阅区/ [索取号:TN646/30] 在馆    
2 0126385   202108192   第二样本阅览室/ [索取号:TN646/30] 在馆    
唐山师范学院图书馆 欢迎您!
大连网信软件有限公司© 版权所有